Empresas de servicios: un mundo de posibilidades

-д хадгалсан:
Номзүйн дэлгэрэнгүй
Үндсэн зохиолчид: Ribera, J (Зохиогч), Huete, Luis María (Зохиогч)
Формат: Ном
Хэл сонгох:испани
Хэвлэсэн: Barcelona Folio 1997
Цуврал:Biblioteca IESE de Gestión de Empresas
Нөхцлүүд:
Шошгууд: Шошго нэмэх
Шошго байхгүй, Энэхүү баримтыг шошголох эхний хүн болох!

MARC

LEADER 00000nam a2200000 a 4500
001 UCP5882
003 CL-VaPUC
008 991001e19970000SP |||||||||||||||||spa|d
082 0 4 |a 338.47  |b RIB  |2 21 
100 0 |a Ribera, J  |e author  |9 434508 
700 |a Huete, Luis María  |e author  |9 614669 
245 1 0 |a Empresas de servicios: un mundo de posibilidades 
300 |a 81 p 
942 |c BK 
945 |d 19991001 00:00:00  |a rbrito 
260 |a Barcelona  |b Folio  |c 1997 
650 0 |a Empresas de servicios  |9 434510 
650 0 |a Calidad total  |9 259929 
650 0 |a Gestión administrativa  |9 375217 
650 7 |a RENTABILIDAD  |2 CL-VaPUC  |9 351669 
650 0 |a Satisfacción del cliente  |9 434511 
650 0 |a Clientes  |9 369499 
583 |a last modification  |c 19991001 00:00:00  |k Rodrigo Vera 
490 0 |a Biblioteca IESE de Gestión de Empresas 
999 |c 283522  |d 283520 
952 |0 0  |1 0  |4 0  |6 338_470000000000000_RIB_1997  |7 0  |8 A  |9 326766  |a BIBENE  |b BIBENE  |d 2019-11-20  |i 3544737  |o 338.47 RIB 1997  |p 3544737  |r 2025-01-15  |w 2019-11-20  |y BK  |k ICO 
952 |0 0  |1 0  |4 0  |6 338_470000000000000_RIB_1997  |7 0  |8 A  |9 326767  |a BIBENE  |b BIBENE  |d 2019-11-20  |i 3544745  |o 338.47 RIB 1997  |p 3544745  |r 2025-01-15  |w 2019-11-20  |y BK  |k ICO